The journal of a tour to the Hebrides with Samuel Johnson / (Record no. 23038)
[ view plain ]
| 000 -LEADER | |
|---|---|
| fixed length control field | 00940cam a2200253u 4500 |
| 001 - CONTROL NUMBER | |
| control field | 23038 |
| 003 - CONTROL NUMBER IDENTIFIER | |
| rucl marc code | BD-RjUL |
| 005 - DATE AND TIME OF LATEST TRANSACTION | |
| control field | 20211209000902.0 |
| 008 - FIXED-LENGTH DATA ELEMENTS--GENERAL INFORMATION | |
| fixed length control field | 140310s19481909xx b 000 0beng |
| 035 ## - SYSTEM CONTROL NUMBER | |
| System control number | (BD-RjUL)23103 |
| 040 ## - CATALOGING SOURCE | |
| Original cataloging agency | DLC |
| Transcribing agency | CarP |
| Modifying agency | DLC |
| Language of cataloging | eng |
| 041 ## - LANGUAGE CODE | |
| Language code of text/sound track or separate title | eng |
| 082 ## - DEWEY DECIMAL CLASSIFICATION NUMBER | |
| Classification number | 914.1 |
| Author mark and year | BOJ 1948 |
| 100 1# - MAIN ENTRY--PERSONAL NAME | |
| Personal name | Boswell, James, |
| Dates associated with a name | 1740-1795. |
| 9 (RLIN) | 61877 |
| 245 04 - TITLE STATEMENT | |
| Title | The journal of a tour to the Hebrides with Samuel Johnson / |
| Statement of responsibility, etc. | James Boswell |
| 260 ## - PUBLICATION, DISTRIBUTION, ETC. (IMPRINT) | |
| Place of publication, distribution, etc. | London : |
| Name of publisher, distributor, etc. | J. M. Dent & sons, ltd.; |
| Place of publication, distribution, etc. | New York, |
| Name of publisher, distributor, etc. | E. P. Dutton & co. |
| Date of publication, distribution, etc. | C 1909 [reprinting 1948] |
| 300 ## - PHYSICAL DESCRIPTION | |
| Pagination | xxvi, 361, [1] p. : |
| Illustrations | incl. double map. ; |
| Size | 18 cm. |
| 600 10 - SUBJECT ADDED ENTRY--PERSONAL NAME | |
| Personal name | Johnson, Samuel, |
| Dates associated with a name | 1709-1784 |
| General subdivision | Travel |
| Geographic subdivision | Scotland |
| -- | Hebrides. |
| 651 #0 - SUBJECT ADDED ENTRY--GEOGRAPHIC NAME | |
| Geographic name | Hebrides (Scotland) |
| General subdivision | Description and travel |
| -- | Early works to 1800. |
| 9 (RLIN) | 71047 |
| Geographic name | Scotland |
| General subdivision | Description and travel |
| -- | Early works to 1800. |
| 9 (RLIN) | 71048 |
| 942 ## - ADDED ENTRY ELEMENTS (KOHA) | |
| Source of classification or shelving scheme | Dewey Decimal Classification |
| Koha item type | Books |
| Lost status | Source of classification or shelving scheme | Damaged status | Not for loan | Collection code | Permanent Location | Current Location | Shelving location | Date acquired | Source of acquisition | Cost, normal purchase price | Total Checkouts | Full call number | Date last seen | Copy number | Koha item type |
|---|---|---|---|---|---|---|---|---|---|---|---|---|---|---|---|
| Dewey Decimal Classification | Added to bundle | Fiction | Central Library, University of Rajshahi | Central Library, University of Rajshahi | Reading Room | 14/09/1955 | B.H.Black well | 55.00 | 914.1 BOJ 1948 | 10/03/2014 | C-1 | Books |